Drafting Pleading Conveyancing & Professional Ethics (Record no. 2258)
[ view plain ]
| 000 -LEADER | |
|---|---|
| fixed length control field | 00557nam a2200205Ia 4500 |
| 003 - CONTROL NUMBER IDENTIFIER | |
| control field | BUBTL |
| 008 - FIXED-LENGTH DATA ELEMENTS--GENERAL INFORMATION | |
| fixed length control field | 151213s9999 xx 000 0 und d |
| 082 ## - DEWEY DECIMAL CLASSIFICATION NUMBER | |
| Classification number | 346.0438/JHD |
| 100 ## - MAIN ENTRY--PERSONAL NAME | |
| Personal name | Jhabvala, Noshirvan |
| 9 (RLIN) | 4003 |
| 245 ## - TITLE STATEMENT | |
| Title | Drafting Pleading Conveyancing & Professional Ethics |
| Statement of responsibility, etc. | Jhabvala |
| 250 ## - EDITION STATEMENT | |
| Edition statement | 13th |
| 260 ## - PUBLICATION, DISTRIBUTION, ETC. (IMPRINT) | |
| Place of publication, distribution, etc. | Mumbi |
| Name of publisher, distributor, etc. | C.Jamnadas & Company |
| 300 ## - PHYSICAL DESCRIPTION | |
| Extent | 360p . : |
| Other physical details | 21cm. |
| 650 ## - SUBJECT ADDED ENTRY--TOPICAL TERM | |
| Topical term or geographic name as entry element | Law |
| 9 (RLIN) | 4004 |
| 650 ## - SUBJECT ADDED ENTRY--TOPICAL TERM | |
| Topical term or geographic name as entry element | Law |
| 9 (RLIN) | 4004 |
| 700 ## - ADDED ENTRY--PERSONAL NAME | |
| Personal name | Jhabvala |
| 9 (RLIN) | 4005 |
| 856 ## - ELECTRONIC LOCATION AND ACCESS | |
| Password | 0 |
| Logon | 0 |
| Link text | Download |
| 942 ## - ADDED ENTRY ELEMENTS (KOHA) | |
| Source of classification or shelving scheme | |
| Koha item type | Books |
| Withdrawn status | Lost status | Source of classification or shelving scheme | Damaged status | Not for loan | Collection code | Permanent location | Current location | Shelving location | Date acquired | Inventory number | Total Checkouts | Full call number | Barcode | Date last seen | Copy number | Price effective from | Koha item type |
|---|---|---|---|---|---|---|---|---|---|---|---|---|---|---|---|---|---|
| Not For Loan | Non-fiction | Bangladesh University of Business and Technology Library | Bangladesh University of Business and Technology Library | Law Stacks | 03/07/2021 | 3221 | 346.0438/JHD | BUBTL-20033221 | 03/07/2021 | C-1 | 03/07/2021 | Books | |||||
| Not For Loan | Non-fiction | Bangladesh University of Business and Technology Library | Bangladesh University of Business and Technology Library | Law Stacks | 03/08/2021 | 3222 | 346.0438/JHD | BUBTL-20033222 | 03/08/2021 | C-2 | 03/08/2021 | Books | |||||
| Not For Loan | Non-fiction | Bangladesh University of Business and Technology Library | Bangladesh University of Business and Technology Library | Law Stacks | 03/08/2021 | 5818 | 346.0438/JHD | BUBTL-20035818 | 03/08/2021 | C-3 | 03/08/2021 | Books | |||||
| Not For Loan | Non-fiction | Bangladesh University of Business and Technology Library | Bangladesh University of Business and Technology Library | Law Stacks | 03/08/2021 | 5819 | 346.0438/JHD | BUBTL-20035819 | 03/08/2021 | C-4 | 03/08/2021 | Books | |||||
| Not For Loan | Non-fiction | Bangladesh University of Business and Technology Library | Bangladesh University of Business and Technology Library | Law Stacks | 03/08/2021 | 5820 | 346.0438/JHD | BUBTL-20035820 | 03/08/2021 | C-5 | 03/08/2021 | Books |
